The Challenges of Governance in Indian Democracy : (Record no. 616110)

MARC details
000 -LEADER
fixed length control field 00524nam a2200193 a 4500
008 - FIXED-LENGTH DATA ELEMENTS--GENERAL INFORMATION
fixed length control field 260227s2007##################000#0#eng##
020 ## - INTERNATIONAL STANDARD BOOK NUMBER
ISBN 9788131303603
082 04 - DEWEY DECIMAL CLASSIFICATION NUMBER
Classification number 321.8
Item number RED
100 1# - MAIN ENTRY--AUTHOR NAME
Personal name Reddy, G. Ramachandhra,
245 10 - TITLE STATEMENT
Title The Challenges of Governance in Indian Democracy :
260 ## - PUBLICATION, DISTRIBUTION, ETC. (IMPRINT)
Name of publisher APH Publishing,
Year of publication 2007.
300 ## - PHYSICAL DESCRIPTION
Number of Pages 192 pages
650 #0 - SUBJECT ADDED ENTRY--TOPICAL TERM
Topical Term Democracy.
942 ## - ADDED ENTRY ELEMENTS (KOHA)
Koha item type English Books
Holdings
Withdrawn status Lost status Damaged status Not for loan Home library Current library Shelving location Date acquired Full call number Accession Number Price effective from Koha item type
        Anna Centenary Library Anna Centenary Library 3RD FLOOR, B WING 27.02.2026 321.8 RED 368015 27.02.2026 English Books

Find us on the map